| 000 | 00730nam a2200265Ia 4500 | ||
|---|---|---|---|
| 003 | OSt | ||
| 005 | 20221005090456.0 | ||
| 006 | a|||||r|||| 00| 0 | ||
| 007 | ta | ||
| 008 | 221004b |||||||| |||| 00| 0 eng d | ||
| 020 | _a0824704363 | ||
| 024 | _a75924 | ||
| 037 | _cTextual | ||
| 040 |
_aCRL _cCRL _beng |
||
| 041 |
_2eng _aeng |
||
| 082 | _aX:8, P1.94 | ||
| 100 |
_aAli Farazmand Ed. _9143107 |
||
| 245 | 0 | _aHandbook of comparative and development public administration | |
| 250 | _a2nd Revised and Expanded | ||
| 260 |
_aNew York _bMarcel Dekker Inc. USA _c2001 |
||
| 300 |
_a1124p. _ccm. |
||
| 650 | _aECONOMICS | ||
| 942 |
_hX:8, P1.94 _cTEXL _2cc |
||
| 999 |
_c995872 _d995872 |
||